[Event "BdF-Smaragd 05 email"]
[Site "GER email"]
[Date "2014.06.25"]
[Round "?"]
[White "Byrne, Veronica"]
[Black "Williamson, Dawn L"]
[Result "0-1"]
[WhiteElo "1634"]
[BlackElo "1947"]
[PlyCount "24"]
[EventDate "2014.??.??"]
[EventType "tourn (corr)"]
[EventRounds "14"]
[EventCountry "GER"]
[SourceTitle "Corr 2015"]
[Source "ChessBase"]
[SourceDate "2015.07.17"]
[SourceVersion "1"]
[SourceVersionDate "2015.07.17"]
[SourceQuality "1"]

1. d4 f5 2. b3 e6 3. h4 d5 4. Bf4 c5 5. e3 cxd4 6. Qxd4 Nc6 7. Qa4 Bd7 8. Bg5 Qc7 9. Bf4 e5 10. Bg3 f4 11. exf4 Nd4 12. Qxd7+ Kxd7 0-1

[Event "BdF-Smaragd 05 email"]
[Site "GER email"]
[Date "2014.06.25"]
[Round "?"]
[White "Fausey, Verna M"]
[Black "Byrne, Veronica"]
[Result "1-0"]
[WhiteElo "1741"]
[BlackElo "1634"]
[PlyCount "23"]
[EventDate "2014.??.??"]
[EventType "tourn (corr)"]
[EventRounds "14"]
[EventCountry "GER"]
[SourceTitle "Corr 2015"]
[Source "ChessBase"]
[SourceDate "2015.07.17"]
[SourceVersion "1"]
[SourceVersionDate "2015.07.17"]
[SourceQuality "1"]

1. e4 c5 2. Nf3 e6 3. d4 h6 4. Nc3 Nf6 5. e5 Ng4 6. h3 Nxf2 7. Kxf2 b6 8. Kg3 g5 9. Ne4 Nc6 10. Nf6+ Ke7 11. dxc5 bxc5 12. Qd6# 1-0